Aerodinámica - ventilación

Spremljeno u:
Bibliografski detalji
Glavni autor: Casanueva Carrasco, Manuel Luis (Autor)
Format: Knjiga
Jezik:španjolski
Izdano: Viña del Mar Facultad de Arquitectura, U.C.V 1980
Serija:Curso de Construcción, 3
Teme:
Oznake: Dodaj oznaku
Bez oznaka, Budi prvi tko označuje ovaj zapis!

MARC

LEADER 00000nam a2200000 a 4500
001 UCN0875
003 CL-VaPUC
008 010406e19800000CL |||||||||||||||||spa|d
082 0 4 |a 533.62  |b CAS  |2 21 
100 0 |a Casanueva Carrasco, Manuel Luis  |e author  |9 456229 
245 1 0 |a Aerodinámica - ventilación 
300 |a pág. irreg 
942 |c BK 
945 |d 20010406 00:00:00  |a crobeson 
260 |a Viña del Mar  |b Facultad de Arquitectura, U.C.V  |c 1980 
650 0 |a Aerodinámica  |9 301987 
650 7 |a DINAMICA DE GASES  |2 CL-VaPUC  |9 259540 
650 0 |a Atmósfera  |9 261875 
650 0 |a Viento  |9 360347 
650 0 |a Ventilación  |9 267243 
583 |a last modification  |c 20010406 00:00:00  |k Rodrigo Vera 
490 0 |a Curso de Construcción, 3 
999 |c 294489  |d 294487 
952 |0 0  |1 0  |4 0  |6 533_620000000000000_CAS_1980  |7 0  |8 R  |9 346959  |a BIBARQ  |b BIBARQ  |d 2019-11-20  |i 1246631  |l 8  |o 533.62 CAS 1980  |p 1246631  |r 2025-01-20  |s 2024-04-08  |w 2019-11-20  |y BK_R  |k ARQ